| 000 | 01170nam a22002057a 4500 | ||
|---|---|---|---|
| 999 |
_c62992 _d62992 |
||
| 003 | Ge_BSU | ||
| 005 | 20250424114436.0 | ||
| 008 | 250424s2024 ge ||||| |||| 00| 0 geo d | ||
| 020 | _a9789941873218 | ||
| 041 | _ageo | ||
| 080 | _a634.1 : 595.7 ა-48 | ||
| 100 |
_aალექსიძე, გურამ _97983 |
||
| 245 |
_aხეხილის აგროცენოზებში გავრცელებული ძირითადი სასარგებლო მწერები : _b(მტაცებლები, პარაზიტოიდები) (რეკომენდაციები ხეხილის ბიოლოგიური დაცვისთვის) / _cგურამ ალექსიძე; რედ. თ. ეპიტაშვილი. |
||
| 264 |
_aთბილისი, _c2024. |
||
| 300 |
_a52 გვ. : _bილ.; _c21 სმ. |
||
| 504 | _aბიბლიოგრ. გვ. 50-51 | ||
| 653 | _aხეხილის სასარგებლო მწერები | ||
| 700 |
_aეპიტაშვილი, თ. _eრედაქტორი _924932 |
||
| 942 |
_2udc _cᲬᲘᲒᲜᲘ |
||